LEADER 01298nam 2200385Ia 450 001 996392117903316 005 20221108072019.0 035 $a(CKB)1000000000679942 035 $a(EEBO)2248567188 035 $a(OCoLC)12566571 035 $a(EXLCZ)991000000000679942 100 $a19850917d1644 uy | 101 0 $aeng 135 $aurbn#|||a|bb| 200 10$aPsal. 4, vers. 7$b[electronic resource] $eThou hast put gladnesse in my heart (or thou hast given ioy of heart) more then when their corne and their vvine increased 210 $a[Oxford $cPrinted by Henry Hall$d1644?] 215 $a[7], 40 p 300 $aA sermon on the joys of righteousness. 300 $aCaption title. 300 $aWritten by Josias Howe. Cf. DNB. 300 $aPrinted in italics. 300 $aImprint from Wing. 300 $aFour pages of manuscript on preliminary leaves by Thomas Hearne who discusses the history of the work. 300 $aReproduction of original in Bodleian Library. 330 $aeebo-0014 700 $aHowe$b Josias$f1611?-1701.$01003619 701 $aHearne$b Thomas$01001955 801 0$bEAA 801 1$bEAA 801 2$bm/c 801 2$bWaOLN 906 $aBOOK 912 $a996392117903316 996 $aPsal. 4, vers. 7$92304490 997 $aUNISA